[Event "Linares 27th"]
[Site "Linares"]
[Date "2010.02.24"]
[Round "10"]
[White "Aronian, Levon"]
[Black "Gashimov, Vugar"]
[Result "1-0"]
[WhiteElo "2781"]
[BlackElo "2759"]
[Annotator "Marin,M"]
[PlyCount "115"]
[EventDate "2010.02.13"]
[EventType "tourn"]
[EventRounds "10"]
[EventCountry "ESP"]
[EventCategory "21"]
[SourceTitle "CBM 135"]
[Source "ChessBase"]
[SourceDate "2010.03.17"]
[SourceVersion "1"]
[SourceVersionDate "2010.03.17"]
[SourceQuality "1"]

1. d4 Nf6 2. c4 e6 3. Nf3 c5 4. d5 d6 5. Nc3 exd5 6. cxd5 g6 7. Bf4 a6 ({
In the first round game against Gelfand, Gashimov preferred} 7... Bg7 {,
allowing} 8. Qa4+ {The result of the opening was anything but encouraging,
which makes his decision to deviate quite understandable.}) 8. a4 {An
apparently peaceful system of development, which does not lack venom.} (8. Nd2
{and}) (8. e4 {put more emphasis on a direct combat right from the opening.})
8... Bg7 9. h3 O-O 10. e3 {White develops in a solid way, without exposing his
e-pawn with e2-e4. In the long run, he hopes that the pressure against the
d6-pawn would yield him some strategic advantage.} Ne8 11. Be2 Nd7 12. O-O Qe7
{A logical regrouping. The d6-pawn is well defended, which gives Black some
flexibility in manoeuvring with his knights. Since there is no direct pawn
contact, several plans are available for both sides and play can be opened on
either side (or on both of them).} 13. Re1 {A half waiting move. By placing
his rook in opposition with the enemy queen, White intends to inhibit a
possible attack based on ...f5, ...g5 and ...f4.} ({My only experience against
this line went} 13. Nd2 Rb8 (13... Ne5 $5) 14. Bh2 (14. Nc4 f5 15. Bh2 Ne5 16.
Qb3 Nxc4 17. Bxc4 b6 18. Rae1 Nc7 {White cannot stop ...b5 already.} 19. Qa3 {
1/2 Dao Thien Hai (2560)-Ghaem Maghami,E (2584)/Turin 2006/CBM 113}) {
According to my ulterior analysis to Deshmukh,A (2430)-Marin,M (2525)/Calcutta
1999/CBM 069 ext (0-1, 35), Black should have played} 14... Nc7 15. Nc4 (15.
Qb3 Ne5 16. Rfe1 f5 {or}) (15. Nde4 Be5 {allow Black maintain his stability.})
15... Ne5 {White cannot prevent the opening of the queenside for too long.} 16.
Nb6 Nd7 (16... Na8 $5 {is a worthy alternative if Black does not wish to allow
a draw by repetition..}) 17. Nxc8 Rfxc8 {Black is fully mobilised and the
opening of the queenside is imminent.}) ({A few rounds before the main game,
Gashimov faced another plan:} 13. Qb3 Rb8 14. Nd2 {White openly fights against
the thematic ...b5, but leaves the kingside slightly unattended.} f5 15. Nc4 g5
16. Bh2 f4 17. exf4 gxf4 18. Rfe1 Ne5 {Black has weakened his position, but
has obtained almost absolute stability on e5. The evaluation of the position
largely depends on White's possibility of activating his h2-bishop. For the
time being, it is rather passive, allowing Black to achieve certain progress
on the opposite side of the board. Aronian's text move was probably aimed at
avoiding precisely this type of position.} 19. Ne4 $6 {This makes the start of
Black's counterplay easier.} b5 20. axb5 Rxb5 21. Qd1 Rb4 {Vallejo Pons,F 
(2705)-Gashimov,V (2759)/Linares ESP 2010 (0-1, 35). with strong black
initiative.}) 13... h6 $146 {Technically speaking, this is a novelty, but such
notions have little relevance in a position characterised by long plans rather
than forced play. Since White has not defined his plans yet, Black makes a
generally useful move, which will help him gain space on the kingside at a
later stage. More concrete approaches also seem to work out well:} (13... Rb8
14. Ra3 Nc7 15. Rb3 Re8 16. Bh2 Ne5 17. Nd2 g5 18. a5 f5 19. Nf1 Bd7 20. Ng3 f4
{This was not absolutely necessary.} (20... Ng6 21. Nh5 Be5 {looks acceptable
for Black.}) 21. exf4 gxf4 22. Nge4 Ng6 23. Bh5 Be5 24. Bg4 Kg7 25. Rb6 Bxg4
26. hxg4 {White's position is more active than in the aforementioned game
Vallejo-Gashimov, but things are not entirely clear, since the h2-bishop
remains passive.} Na8 $2 {A blunder.} 27. Nxd6 $1 $18 {[%cal Ga8b6,Gd6f5]
Avrukh,B (2628)-Nabaty,T (2417)/Israel 2008/EXT 2009 (1-0, 31)}) (13... Ne5 14.
Nd2 ({The simplifications with} 14. Bxe5 Bxe5 15. Nxe5 Qxe5 {solve Black's
problems regarding his lack of space.} 16. Qd2 Bd7 17. Rab1 Nf6 18. f4 Qe7 19.
Bf3 b5 {Raznikov,D (2265)-Kveinys,A (2522)/Cappelle la Grande 2009/CBM 129
Extra (1/2, 39)}) 14... f5 15. Bh2 Nf6 16. a5 Bd7 17. f4 Nf7 18. Bd3 Rae8 19.
Qb3 Bc8 20. Nc4 {White's position is more flexible, but Black is well
regrouped and has no immediate problems. In Sargissian,G (2680)-Fier,A (2601)/
Bursa 2010 (1/2, 39) White did not find a way to crack his opponent's defence.}
) 14. a5 {Finally, an important commitment. For a while, play will focus
around the preparation for and against the thematic opening of the b-file with
...b5.} Nc7 15. Rc1 $5 {[%csl Gc3,Gc7][%cal Gb2b4] Over-protecting the
c3-knight and putting some indirect pressure on the c7-knight in view of the
possible pawn break b2-b4.} f5 $5 {An instructive dialogue carried out by
moves on opposite wings.} (15... Rb8 {(with the idea of 16...b5 17.axb6 Rxb6)
would run into White's main idea:} 16. b4 $1 cxb4 17. Na4 Nf6 (17... Nb5 18.
Qb3 $16) 18. Nb6 Ne4 19. Bd3 $14) (15... b5 {is premature:} 16. axb6 Nxb6 17.
e4 $14 {Once the knight as abandoned the control of the e5-square, White
starts becoming ambitious in the centre.}) 16. Qb3 ({The point behind 15...f5
is that} 16. b4 {allows Black get counterplay on the kingside after} g5 17. Bh2
cxb4 18. Na4 Nb5 19. Qb3 g4 $132) 16... g5 17. Bg3 Rb8 18. Na4 b5 $1 {With
this temporary pawn sacrifice, Black carries out his queenside plan and
practically solves his opening problems.} 19. axb6 Na8 20. Ra1 {This is an
acceptance of the fact that something has gone wrong for White. Most of his
queenside pieces return to their previous locations.} ({The tactical operation
} 20. Qa2 Naxb6 21. Nxc5 {leads to unclear play:} dxc5 22. Bxb8 Nxb8 23. d6+
Qe6) 20... Naxb6 21. Nc3 Na8 $1 {Black uses the tempi lost by White to regroup
with his knight.} 22. Qc2 Nc7 23. Bc4 Rb4 24. b3 {White has managed to
consolidate his queenside and the position remains complex.} Nf6 $2 {A
careless move, which will remained unpunished.} ({The idea to increase the
pressure against the d5-pawn is correct, though, but a better form to carry it
out would have been} 24... Nb6 {(This only has the disadvantage that the rook
remains trapped on b4, but at the same time the diagonal of the g7-bishop is
wide open.)} 25. Na2 {White is more or less forced to accept the implicit
sacrifice.} (25. Nd2 Bb7) 25... Rb5 26. Bxb5 (26. Rad1 Nxc4 27. bxc4 Rb2 28.
Qa4 Na8 $1 $15 {[%csl Ga2,Gc4][%cal Ga8b6] After this new knight regrouping
Black has a strong initiative.}) 26... axb5 27. Nc3 b4 28. Na4 Nbxd5 29. Rad1
Bb7 $44 {Black has very active minor pieces and the absence of the white
light-squared bishop increases his stability.}) ({If Black prefers ...Nf6 to
this line, he should prepare it with} 24... Kh8) 25. Ra5 $2 {[%cal Ga5c5] /
\Rxc5} ({Missing} 25. Ne5 $1 {[%cal Ge5c6,Ge5g6] when} Rxc4 {does not solve
the problem because of} 26. Nxc4) 25... Nd7 (25... Kh8 26. Rxc5 $16 {remains
strong even in the absence of a discovered check.}) 26. Na4 Kh8 27. Nb2 {
White has made some progress, but it is early to speak about an objective
advantage.} Rb6 {Black prepares the activation of his c7-knight with ...Nb5,
but maybe insisting with the pressure against the d5-pawn would have been
better.} (27... Nf6 $5 28. Nd3 Rb6 29. b4 cxb4 30. Nd4 Ne4 31. Bh2 Bb7 $13) 28.
Rd1 Nb5 {The knight stands nicely here, but by comparison with "normal"
Benonis, with the pawn on e4, the d4-square is not available, unfortunately.}
29. Bd3 {[%cal Gb2c4]} Nc3 {This square is not too stable and the knight will
have to move again soon.} 30. Rd2 Ne4 (30... Nxd5 31. Nc4 (31. Bxf5 Nb4 32. Qb1
d5) 31... Nb4 32. Qd1 Rc6 33. Bxd6 Rxd6 34. Nxd6 Qxd6 35. Bxa6 $16) 31. Bxe4
fxe4 32. Ne1 {Black has got a structural defect (Pe4), but the white king's
knight will need several tempi to get on to an adequate square. Abstractly
speaking, Black gets dynamic compensation for his static problems.} Bxb2 $6 {
This is a huge concession, after which White will have a very easy game.} (
32... Rb5 $5 33. Nc4 Ne5 {This looks very logical, but implies a pawn
sacrifice.} 34. Rxb5 axb5 35. Nxe5 Bxe5 36. Qxe4 Bf5 37. Bxe5+ Kg8 $1 {This is
the kind of move that is easy to miss during the game.} 38. Qf3 Qxe5 {[%cal
Ge5c3] White's extra pawn does not make itself felt, while Black is perfectly
coordinated. The knight is passive and the b3-pawn weak. The vulnerability of
the black king is not easy to be taken advantage of, because White does not
have sufficient activity.}) 33. Qxb2+ {Not only winning a tempo, but also
clearing the c2-square for the knight.} Kg8 34. Nc2 $14 {/+/- Starting with
this moment, White will increase the pressure at his own convenience.} Nf6 35.
Na3 Ne8 36. Nc4 Rb5 37. Ra4 h5 38. Na5 h4 39. Bh2 Bf5 40. Nc6 Qb7 41. b4 Bd7
42. Qc2 Bf5 43. bxc5 Rxc5 44. Qd1 Rb5 45. Ra1 Bc8 46. Rc1 Bf5 47. Nd8 Qe7 48.
Ne6 Bxe6 49. dxe6 Qxe6 50. Bxd6 Nxd6 51. Rxd6 Qf5 52. Qh5 Rb7 53. Rg6+ Rg7 54.
Rh6 Rh7 55. Rxh7 Qxh7 56. Qxg5+ Qg7 57. Qxh4 Qg6 58. Rc5 1-0

[Event "Tata Steel-A 74th"]
[Site "Wijk aan Zee"]
[Date "2012.01.20"]
[Round "6"]
[White "Aronian, Levon"]
[Black "Gashimov, Vugar"]
[Result "1-0"]
[WhiteElo "2805"]
[BlackElo "2761"]
[Annotator "Marin,M"]
[PlyCount "95"]
[EventDate "2012.01.14"]
[EventType "tourn"]
[EventRounds "13"]
[EventCountry "NED"]
[EventCategory "21"]
[SourceTitle "CBM 147"]
[Source "ChessBase"]
[SourceDate "2012.03.16"]
[SourceVersion "1"]
[SourceVersionDate "2012.03.16"]
[SourceQuality "1"]

1. d4 Nf6 2. c4 e6 3. Nf3 c5 4. d5 d6 5. Nc3 exd5 6. cxd5 g6 7. Bf4 Bg7 $5 {
At the stage of current theory, a very provocative move.} ({Gashimov has played
} 7... a6 8. a4 Bg7 {several times over the past few years. Years ago, I gave
up the Benoni because I thought it was not flexible enough and faced Black
with the risk of being caught in the opening, besides the boring feeling
caused by playing the same positions again and again. When I look at
Gashimov's games, I see a different picture: he continuously changes his lines,
coming up with new ideas now and then.}) 8. Qa4+ Bd7 9. Qb3 b5 {The most
ambitious continuation.} ({I was surprised to find out that the old Benoni
monographs by Stoliar/Kondratjev (1981) and Kapengut (1984) analyse only} 9...
Qc7 {, which, by the way, Gashimov used once in Inarkiev,E (2684)-Gashimov,V 
(2679) Baku 2008 (1/2, 53). Somehow I thought that 9...b5 used to be the main
line at some point, but maybe it became so after the books were published.})
10. Bxd6 (10. Nxb5 {helps Black develop at full speed:} Bxb5 11. Qxb5+ Nbd7 12.
Bxd6 Ne4 13. Be5 O-O 14. Bxg7 Kxg7 $44 {Kalantarian,N (2460)-Horvath,T (2395)/
Budapest 1996/CBM 056/[Horvath,Ta] (0-1, 22)}) 10... Qb6 11. Be5 {It is a wise
idea to neutralise the g7-monster. Since Black cannot play ...Nc6 or ...Nbd7
at this moment, White can get some time to complete his kingside development.}
(11. Bg3 O-O 12. e3 c4 13. Qd1 b4 14. Nb1 (14. Ne2 Qa5 {[%csl Gd5]}) 14... Bb5
(14... Nxd5 $1 {[%csl Gb2]}) 15. a4 Ba6 16. Be5 Nbd7 17. Bd4 Qd6 18. Nbd2 Rac8
19. Rc1 c3 20. bxc3 bxc3 21. Rxc3 Nxd5 $44 {Litinskaya,M (2415)-Levitina,I 
(2355) Tskhaltubo 1988 (1-0, 39). Could this have been the game which opened a
new path in the theory, making 9...b5 an important variation?!}) 11... O-O {
Black has castled many moves before White can do it, but can we speak about a
big advance in development? White's play is likely to be natural (e3, Be2, 0-0)
, while the d5-pawn restricts Black's play. So, the compensation for the
sacrificed pawn still needs to be proven.} 12. e3 c4 {Strategically, the most
consistent way of advancing the pawns.} (12... b4 {Gelfand,B (2761)-Gashimov,V
(2759) Linares 2010 CBM 135 [Marin,M] (1/2, 54)}) 13. Qd1 b4 14. Ne2 {This was
played only once before. It may look slightly illogical to obstruct his own
bishop, but the knight is heading for the d4-square.} ({The most popular move
is} 14. Nb1 {, aiming to recycle the knight in such a way that it attacks c4.}
Bb5 15. a4 $5 (15. Nbd2 {is not too dangerous.} c3 16. bxc3 Nxd5 17. Bxg7 Kxg7
18. c4 ({One important point is that} 18. cxb4 $2 {allows} Nxe3 $1 19. fxe3 $6
Qxe3+ 20. Be2 Re8 21. Nc4 $8 Bxc4 22. Qd4+ $8 $17) 18... Nc3 19. Qc2 {Campos
Lopez,M (2330)-Bellon Lopez,J (2445)/Barcelona 1988/EXT 1997 (0-1, 40)} Bc6 $44
) 15... Ba6 {After inserting these moves,} 16. Nbd2 {is more effective.} c3 17.
bxc3 Nxd5 18. Bxg7 Kxg7 19. cxb4 $1 (19. c4 Nc3 20. Qc2 Re8 21. Nb1 Ne4 22.
Nbd2 Nc3 $11 {Welin,T (2400)-Cramling,P (2455)/Stockholm 1987/EXT 97 (1/2, 24)}
) 19... Bxf1 ({The point is that} 19... Nxe3 $2 {does not work out well
anymore:} 20. fxe3 Qxe3+ 21. Be2 Re8 22. b5 $18) (19... Re8 $6 {[%cal Gd5e3]}
20. b5 Nc3 {[%cal Ge8e3]} 21. Nc4 $1 {Llanes Hurtado,M (2459)-Del Rio Angelis,
S (2512)/Ayamonte 2007/EXT 2008 (1/2, 63)}) 20. Kxf1 Nxb4 21. h4 h5 22. Qb3
N8c6 23. Nc4 Qa6 24. Kg1 Rab8 {Kuzmin,A (2570)-Womacka,M (2447)/Catalan Bay
2004/CBM 098 ext (1-0, 52). Black should have some compensation, because he is
better mobilised and the white queenside is weak. Actually, this is a
consequence of a2-a4, which in the short term was quite useful. Still, it is
not easy to convert the compensation into anything palpable, such as an attack
or regaining the pawn.}) (14. Na4 $6 {was played just in an Internet blitz and
is not very good.} Qa5 $36 {Vovk,Y (2549)-Perez Ponsa,F (2363)/ICC INT 2008/
CBM 127 Extra (1-0, 42)}) 14... Bb5 15. Ned4 $146 (15. Nf4 Nbd7 16. Bd4 Qb7 17.
Be2 Rfe8 (17... Bh6 {is even better. Maybe he wanted to prevent} 18. Ne5 {
but after} Rad8 {Black is quite active}) 18. O-O Bh6 19. g3 Nxd5 $132 {Kaluga,
S (2216)-Badmatsyrenov,O (2450)/Barnaul 2011/ (0-1, 46)}) (15. a3 $5 {aiming
to spoil Black's structural flexibility deserves some attention.} Nbd7 16. Bd4
Nc5 17. Nf4 (17. axb4 $2 Nd3+ 18. Qxd3 cxd3 19. Bxb6 dxe2 $19) 17... bxa3 18.
Rxa3 Rfd8 19. Qc1 Nxd5 20. Nxd5 Rxd5 21. Bxg7 Kxg7 22. Bxc4 Bxc4 23. Qxc4 Qxb2
24. O-O Qxa3 25. Qxd5 Rc8 26. Ng5 Qb3 27. Qd4+ Kg8 28. Rc1 $14 {White
maintains some pressure, but probably Black could simplify to a queen ending
with 3P against 4P, which should end in a draw.}) 15... Nbd7 16. Nxb5 Qxb5 17.
Bd4 Qxd5 {Things seem to have evolved perfectly well for Black. He has
retrieved the pawn and has an impressive queenside space advantage. Still,
White is very stable and has the bishop pair. Soon, it will become clear that
Black risks becoming over-extended.} 18. Be2 Nb6 {Playing solidly. However,
the knight on b6 causes some problems. The a-pawn cannot advance and Bxb6 is a
permanent possibility, winning the c4-pawn in certain cases.} ({Alternatively,
he could try to make use of his advance in development with} 18... Rfc8 19. Rc1
c3 20. bxc3 bxc3 21. Rxc3 Rxc3 22. Bxc3 Rc8 $132) 19. O-O Rac8 20. Rc1 (20. a3
b3 $1 $132 {Since White cannot transfer his knight to c3, the black mass of
pawns looks dangerous.}) 20... Rfd8 $6 {It is curious that Black's main
problems are caused by such a natural developing move!} (20... Nfd7 21. Bxg7
Qxd1 22. Rfxd1 Kxg7 23. Rd4 (23. Bxc4 Nxc4 24. Rxd7 Nxb2 $132 25. Rb1 $140 a5
$5) 23... b3 $5 $132) 21. Qe1 $3 {What a shock! Most of White's pieces (with
one exception!) are placed on the first three ranks, but he can create a very
unpleasant threat moving along the back rank. I wonder whether all this had
been Aronian's preparation or pure over-the-board inspiration. In any case,
the current position invites us to meditate about the meaning of space and
piece activity.} c3 $6 {This loses a pawn without any shadow of compensation.}
({He should have tried} 21... Qb5 {, with chances to complicate the game.} 22.
b3 (22. Bxb6 axb6 23. Nd4 Qe5 24. Bxc4 Ng4 25. g3 Qh5 26. h4 g5 {remains messy.
}) 22... Ne4 23. bxc4 Nxc4 24. Bxg7 Kxg7 25. Nd4 Rxd4 26. exd4 Nc3 $14) 22.
bxc3 bxc3 23. Ba6 Rc7 24. Rxc3 Rxc3 25. Qxc3 Ne4 26. Qa3 Bxd4 27. Nxd4 Qc5 28.
Qxc5 Nxc5 29. Bb5 Ne6 $6 {Weakening the kingside too much.} 30. Nxe6 fxe6 31.
Rc1 Rd2 32. a4 Ra2 33. g3 a6 34. Bxa6 Rxa4 35. Bb5 Ra5 36. Be2 Nd7 37. Rc7 Nf8
38. Bc4 {This starts being similar with the last game from the Seilla 1987
match, with the difference that in that case there were queens on the board
instead of the rooks.} Ra4 39. Kg2 Rb4 40. h4 h6 41. f4 h5 42. Kf3 Ra4 43. Ke4
Kh8 44. Ke5 Kg8 45. Kf6 Ra5 46. e4 Ra4 47. e5 Ra3 48. Rc8 1-0